000 00472nmm a2200169Ia 4500
008 251105s9999||||xx |||||||||||||||||und||
020 _a9788446049722
041 _aspa
100 _aCamarero Gómez, Gloria
245 0 _aMadrid en el cine de Pedro Almodóvar (4a ed.)
264 _a[Madrid, España] :
_bAkal,
_c2020
300 _a160 páginas
490 _aCine
650 _aFilm studies
856 _uhttps://public.digitaliapublishing.com/a/70758
942 _cCF
999 _c83224
_d83224